Numerical ecology (Record no. 81243)

MARC details
000 -LEADER
fixed length control field 00812nam a22002657a 4500
003 - CONTROL NUMBER IDENTIFIER
control field CBULib
005 - DATE AND TIME OF LATEST TRANSACTION
control field 20240919103851.0
008 - FIXED-LENGTH DATA ELEMENTS--GENERAL INFORMATION
fixed length control field 230815b |||||||| |||| 00| 0 eng d
020 ## - INTERNATIONAL STANDARD BOOK NUMBER
International Standard Book Number 9780444538680
040 ## - CATALOGING SOURCE
Language of cataloging English
Transcribing agency CBULib
Description conventions rda
041 ## - LANGUAGE CODE
Language code of text/sound track or separate title eng
050 ## - LIBRARY OF CONGRESS CALL NUMBER
Classification number QH 541.15 Leg
100 ## - MAIN ENTRY--PERSONAL NAME
9 (RLIN) 533
Personal name Legendre, Pierre
245 ## - TITLE STATEMENT
Title Numerical ecology
Statement of responsibility, etc / by Pierre Legendre and Louis Legendre
250 ## - EDITION STATEMENT
Edition statement Third English edition
260 ## - PUBLICATION, DISTRIBUTION, ETC. (IMPRINT)
Place of publication, distribution, etc London :
Name of publisher, distributor, etc Elsevier,
Date of publication, distribution, etc 2012
300 ## - PHYSICAL DESCRIPTION
Extent xvi,990 pages: illustrations
336 ## - CONTENT TYPE
Source rdacontent
Content type term Text |
Content type code txt
337 ## - MEDIA TYPE
Source rdamedia
Media type term Unmediated |
Media type code n
338 ## - CARRIER TYPE
Source rdacarrier
Carrier type term Volume
Carrier type code nc
504 ## - BIBLIOGRAPHY, ETC. NOTE
Bibliography, etc Includes references and subject index
650 #0 - SUBJECT ADDED ENTRY--TOPICAL TERM
Source of heading or term Library of Congress
9 (RLIN) 536
Topical term or geographic name as entry element ECOLOGY--MATHEMATICS
700 ## - ADDED ENTRY--PERSONAL NAME
9 (RLIN) 535
Personal name Legendre, Louis
942 ## - ADDED ENTRY ELEMENTS (KOHA)
Source of classification or shelving scheme
Koha item type MONOGRAPH
Holdings
Withdrawn status Lost status Source of classification or shelving scheme Damaged status Not for loan Collection code Permanent Location Current Location Shelving location Date acquired Source of acquisition Cost, normal purchase price Full call number Barcode Date last seen Copy number Cost, replacement price Price effective from Koha item type Total Checkouts
          Mpika Library Collection CBU-MPIKA LIBRARY, MPIKA CAMPUS. CBU-MAIN LIBRARY, KITWE. General Stacks 08/15/2023 DON-BOOKAID 80.00 QH 541.15 Leg 752169 08/15/2023 1 96.00 08/15/2023 MONOGRAPH  
          Mpika Library Collection CBU-MPIKA LIBRARY, MPIKA CAMPUS. CBU-MAIN LIBRARY, KITWE. General Stacks 08/15/2023 DON-BOOKAID 80.00 QH 541.15 Leg 752170 08/15/2023 2 96.00 08/15/2023 MONOGRAPH  
          Main Library Open Access Collection CBU-MAIN LIBRARY, KITWE. CBU-MAIN LIBRARY, KITWE. General Stacks 11/08/2023 DON-BOOKAID 80.00 QH 541.15 Leg 752171 11/08/2023 3   11/08/2023 MONOGRAPH  
          CBU-Lusaka Campus CBU- LUSAKA CAMPUS CBU-MAIN LIBRARY, KITWE. General Stacks 09/19/2024 DON-BOOKAID 80.00 QH 541.15 Leg 752774 09/19/2024 4   09/19/2024 REFERENCE COLLECTION